000 01013nam a2200301 ia4500
005 20240804112619.0
008 240728t20242024my a a 000 0 may d
020 _a9786297652375
_cRM69.90
_qpaperback
040 _aPPAK
_beng
_cPPAK
_erda
082 0 4 _223
_a499.2386
090 0 0 _a499.2386
_bAND
_dK
100 0 _aAndaleeb Wajid,
_eauthor.
245 1 0 _aSAYA BACAKAN UNTUK MU :
_bKek Persaudaraan /
_cPengarang: Andaleeb Wajid ; Ilustrator: Kabini Amin ; Penterjemah: N. Habihah
264 1 _aPetaling Jaya, Selangor :
_bEdu Apps (Mal) Sdn. Bhd.,
_c2024
264 4 _c©2024
300 _a22 pages :
_bcolour illustrations ;
_c21 cm
336 _atext
_2rdacontent
337 _aunmediated
_2rdamedia
338 _avolume
_2rdacarrier
490 1 _aSIRI STEM
650 1 0 _aMalay language
_vReaders
650 2 0 _aReading
650 2 0 _aListening
700 0 _aKabini Amin,
_eillustrator.
700 0 _aN. Habihah,
_etranslator.
830 0 _aSiri STEM
942 _2ddc
_cB
999 _c196336
_d196336